000
00288nam a2200133Ia 4500
100
_a
Wolkenstein/ V. S.
942
_c
BK
654
_a
Physics
245
_a
Problems in general physics
260
_b
Mir Publishers
_a
Moscow
_c
1975
082
_a
530
300
_a
376
546
_a
ENGLISH
999
_c
29288
_d
29288